| 000 | 00632nam a22001937a 4500 | ||
|---|---|---|---|
| 003 | OSt | ||
| 005 | 20140310181709.0 | ||
| 008 | 121205t xxu||||| |||| 00| 0 eng d | ||
| 020 | _a9715502342 | ||
| 050 |
_aPL 6058.9 _b.G993 2002 |
||
| 082 |
_aFIL 899.2113 _bG99 2002 |
||
| 245 |
_aDamdamin ni Corazon at iba pang mga kuwento. _cGuzman, Gloria Villaraza. |
||
| 260 |
_aQuezon City : _bAteneo De Manila University Press, _cc2002 |
||
| 300 |
_aix, 227 p. ; _c18 cm. |
||
| 520 | _a1. Women--literary collections. 2. Short stories, Filipino. 3. International Baccalaureate. | ||
| 562 | _e1 | ||
| 942 |
_2lcc _cBK |
||
| 999 |
_c1454 _d1454 |
||